000 00513nam a2200181Ia 4500
008 100917s9999 xx 000 0 und d
082 _b41310
100 _aप्रभु सुधाकर
245 _aमहायोगी
260 _bजगताप कारले प्रकाशन
_c1972
300 _a64
365 _b2
520 _aबालविभाग
630 _aमहायोगी
650 _aबालविभाग
730 _aमहायोगी
942 _cBOOK
999 _c646704
_d646701